000
00297nam a22001337a 4500
008
170629b xxu||||| |||| 00| 0 eng d
020
_a
0395358051
041
_a
eng
080
_2
4TH
_a
82
100
_a
22
101
_a
GJL
245
_a
CONTEMPORARY AMERICAN POETRY
_c
POULIN,A
942
_2
udc
_c
BK
999
_c
19461
_d
19461